| 000 | 00562nam a2200169 i 4500 | ||
|---|---|---|---|
| 001 | 46445 | ||
| 003 | ES-MaACL | ||
| 005 | 20230906161402.0 | ||
| 007 | t| | ||
| 008 | 030328s1935 sp ||||1| cat d | ||
| 245 | 0 | 0 |
_aConferències sobre la Universitat de Barcelona / _corganitzades per l'Associació Professional d'Estudiants de Drot i donades en l'Ateneu Barcelonès. |
| 260 |
_aBarcelona : _b[s.n., _c1935] ( _fImp. Altés) |
||
| 300 |
_a204 p. ; _c23 cm. |
||
| 710 | 2 |
_aAteneu Barcelonès. _92060 |
|
| 852 |
_aES-MaACL _jA-4139 |
||
| 852 |
_aES-MaACL _jA-3978 |
||
| 999 |
_c46445 _d46445 |
||